Cestovný ruch a politiky Európskej únie

Postavenie cestovného ruchu v štruktúre politík EÚ, súčasné zameranie snáh inštitúcií EÚ s cieľom zabezpečiť trvalo udržateľný a integrovaný rozvoj cestovného ruchu v členských štátoch EÚ.

Guardado en:
Detalles Bibliográficos
Autor principal: Kučerová, Jana
Formato: Capítulo de libro
Lenguaje:eslovaco
Materias:
Etiquetas: Agregar Etiqueta
Sin Etiquetas, Sea el primero en etiquetar este registro!

MARC

LEADER 00000naa$a2200000$$$4500
001 0064340
005 20221128094112.3
041 0 |a slo 
044 |a SK 
245 1 0 |a Cestovný ruch a politiky Európskej únie  |c Jana Kučerová 
520 |a Postavenie cestovného ruchu v štruktúre politík EÚ, súčasné zameranie snáh inštitúcií EÚ s cieľom zabezpečiť trvalo udržateľný a integrovaný rozvoj cestovného ruchu v členských štátoch EÚ. 
610 2 0 |a Európska únia 
610 2 0 |a politika 
610 2 0 |a inštitúcia 
610 2 0 |a ruch cestovný 
610 2 0 |a rozvoj trvalo udržateľný 
100 1 |a Kučerová, Jana